Statistics for Lord of the Rings Trivia

Click here to take the quiz!

General Stats

  • This quiz has been taken 1,782 times
  • The average score is 9 of 12

Answer Stats

Hint Answer % Correct
Frodo Baggins's faithful gardnerSam Wise Gamgee
97%
Who kills the Balrog of MorgothGandalf
96%
Name of Gandalf's Horse?Shadowfax
94%
Person who destroys the One RingGollum
93%
Legolas is this Type of ElfWood Elf
86%
Bilbo's age in The Fellowship of the RingOne Hundred And Eleven
84%
Person who kills SarumanGrima Wormtongue
77%
The Tower at IsengardOrthanc
73%
The Elvish word for FriendMellon
70%
Another name for TreebeardFangorn
63%
The Name of Gandalf's swordGlamdring
63%
Innkeeper at the Prancing PonyBarliman Butterbur
41%

Score Distribution

Percentile by Number Answered

Percent of People with Each Score

Your Score History

You have not taken this quiz